00692nam a2200205 a 4500008004100000020002200041245013100063260003500194300003300229440002300262504004100285500002000326650003800346700001700384700001700401710004100418003000100459005001700460040000900477  a0419214100 (hbk.)00aDurability design of concrete structures :breport of RILEM Technical Committee 130-CSL /cedited by A. Sarja and E. Vesikari. aLondon :bE & FN Spon ,c1996. axi, 165 p. :bill. ;c24 cm. 0aRILEM report ;v14 aIncludes bibliographical references. aIncludes index. 0aReinforced concrete construction.1 aSarja, Asko.1 aVesikari, E.2 aRILEM.bTechnical Committee 130-CSL.20230123133247.0 cNUST